Horno secador de madera con tecnología económica y amigable con el medio ambiente, que funcione de acuerdo a las necesidades y requerimientos del Programa Institucional de Madera (PIMA)

Presenta horno secador de madera con tecnología económica y amigable con el medio ambiente, que funcione de acuerdo a las necesidades y requerimientos del Programa Institucional de Madera (PIMA), en cual consiste en el aprovechamiento de la energía solar térmica, fotovoltaica. Además de explica...

Full description

Bibliographic Details
Main Author: Arévalo Villalta, Enrique José
Other Authors: Tutor: Zúñiga Guillen, Jhader Exequiel
Format: Tesis Section = Libro
Language:Undetermined
Spanish
Published: Managua UNI 2015
Subjects:
LEADER 01551nam a2200265Ia 4500
008 240830s9999 xx 000 0 und d
040 |a BIBLIOTECA-RUSB/ Mon 333.7923 A683 
041 |a spa 
082 |a Mon 333.7923 A683 
100 1 |a Arévalo Villalta, Enrique José 
245 1 0 |a Horno secador de madera con tecnología económica y amigable con el medio ambiente, que funcione de acuerdo a las necesidades y requerimientos del Programa Institucional de Madera (PIMA) 
260 |a Managua  |b UNI  |c 2015 
300 |a 70 p. :il. 
500 |a Contiene: anexos e Incluye: CD. 
502 |a Tesis (Ingeniero Eléctrico) - UNI, 2015. 
520 3 |a Presenta horno secador de madera con tecnología económica y amigable con el medio ambiente, que funcione de acuerdo a las necesidades y requerimientos del Programa Institucional de Madera (PIMA), en cual consiste en el aprovechamiento de la energía solar térmica, fotovoltaica. Además de explicar el principio del secado de la madera y tipos de hornos solares se menciona la clasificación de los diferentes hornos de acuerdo a la técnica operacional, hornos continuos (progresivos), clasificación de acuerdo a la temperatura y finalizando por la clasificación respecto a la fuente energética. 
650 7 |a ENERGIA SOLAR TERMICA 
650 7 |b  ENERGIA SOLAR FOTOVOLTAICA 
650 7 |c  SECADO SOLAR 
650 7 |d  HORNOS SOLARES 
650 7 |e  TRANSFERENCIA DE CALOR 
700 1 |a Tutor:  |b Zúñiga Guillen, Jhader Exequiel 
942 |c BK  |2 ddc 
991 |a TESIS 
999 |c 19896